00486 a2200157 45000010006000000050017000060080041000230030015000640400040000790800073001192450036001922640034002283000032002620410008002941000026003026096420260407155900.0260407a1945 arg spa dAR-UNSa-BCEJYS aAR-UNSa-BCEJYSbspacAR-UNSa-BCEJYS a323.27xRevolución. Cambio violento de gobierno. Golpe de estado 10aTratado de la doctrina de facto 1aBuenos Aires :bDepalmac1945 a2 v. (459 ; 474 p.)c24 cm. aspa1 aConstantineau, Albert